[Event "5.liga TT-HC-PN"]
[Site "TSK"]
[Date "2020.10.10"]
[Round "1.1"]
[White "Szitkey, Milan"]
[Black "Vida, Gergo"]
[Result "1-0"]
[WhiteElo "2030"]
[BlackElo "1087"]
[PlyCount "47"]
[EventDate "2020.10.10"]

1. e4 e5 2. Nf3 Nc6 3. Bb5 Bc5 4. c3 Nf6 5. d3 d6 6. O-O Bd7 7. Nbd2 O-O 8. Re1
a6 9. Ba4 b5 10. Bc2 Re8 11. Nf1 Ng4 12. Re2 b4 13. h3 Nf6 14. Ng3 bxc3 15.
bxc3 Rb8 16. Ba4 Ne7 17. Bg5 Nc6 18. Nh5 Qe7 19. d4 Ba7 20. d5 Na5 21. Bxf6
gxf6 22. Bxd7 Qxd7 23. Nxf6+ Kf8 24. Nxd7+ 1-0

[Event "5.liga TT-HC-PN"]
[Site "TSK"]
[Date "2020.10.10"]
[Round "1.1"]
[White "Rachelova, Diana"]
[Black "Fajnor, Dusan"]
[Result "0-1"]
[WhiteElo "1077"]
[BlackElo "1626"]
[PlyCount "82"]
[EventDate "2020.10.10"]

1. e4 c6 2. Nf3 d5 3. e5 Bf5 4. d4 e6 5. Nc3 Nd7 6. Bd3 Ne7 7. O-O Qc7 8. Re1
Bxd3 9. Qxd3 Nf5 10. a3 c5 11. Bf4 g6 12. Re2 Bg7 13. Rae1 O-O 14. b4 c4 15.
Qd2 Qc6 16. h3 b5 17. g4 Ne7 18. Bh6 Rae8 19. Qf4 Kh8 20. h4 Ng8 21. Bxg7+ Kxg7
22. h5 h6 23. g5 hxg5 24. Qxg5 Nh6 25. hxg6 Rg8 26. Kh2 Rh8 27. gxf7+ Kxf7 28.
Qh5+ Ke7 29. Qh4+ Kf8 30. Qf4+ Nf5+ 31. Kg2 Rg8+ 32. Ng5 Ke7 33. Kf3 Ref8 34.
Qg4 Nh6+ 35. Qf4 Rxg5 36. Qxf8+ Nxf8 37. Ke3 Nf5+ 38. Kd2 Nxd4 39. Re3 Qe8 40.
Rg3 Qg6 41. Rxg5 Qxg5+ 0-1

[Event "5.liga TT-HC-PN"]
[Site "TSK"]
[Date "2020.10.10"]
[Round "1.1"]
[White "Moravec, Milan"]
[Black "Vida, Reka"]
[Result "1-0"]
[WhiteElo "1578"]
[BlackElo "1000"]
[PlyCount "53"]
[EventDate "2020.10.10"]

1. d4 d5 2. c4 Nf6 3. cxd5 Qxd5 4. Nc3 Qd7 5. e3 Nc6 6. Bb5 e6 7. Nf3 g6 8. Ne5
Qd6 9. Nxc6 bxc6 10. Bd3 Bg7 11. O-O O-O 12. Ne4 Nxe4 13. Bxe4 Ba6 14. Re1 Rad8
15. Qa4 Bb7 16. Qxa7 Rb8 17. Bd2 Rfe8 18. Bc3 e5 19. dxe5 Bxe5 20. Bxe5 Qxe5
21. Bf3 Qxb2 22. Rab1 Qc3 23. Red1 Qc2 24. Rxb7 Rxb7 25. Qxb7 Rd8 26. Rxd8+ Kg7
27. Rd1 1-0

[Event "5.liga TT-HC-PN"]
[Site "TSK"]
[Date "2020.10.10"]
[Round "1.1"]
[White "Rachelova, Laura"]
[Black "Dzivak, Jozef"]
[Result "1/2-1/2"]
[WhiteElo "1053"]
[BlackElo "1457"]
[PlyCount "88"]
[EventDate "2020.10.10"]

1. e4 c5 2. Nf3 Nc6 3. d3 g6 4. Nc3 Bg7 5. Be3 d6 6. h3 Nf6 7. d4 cxd4 8. Nxd4
Nxd4 9. Bxd4 O-O 10. Bc4 e6 11. O-O b6 12. Qd2 Bb7 13. f3 d5 14. Bd3 dxe4 15.
Bxe4 Nxe4 16. Nxe4 Qxd4+ 17. Qxd4 Bxd4+ 18. Kh1 Bxe4 19. fxe4 Bxb2 20. Rab1 Be5
21. Rb5 Bg7 22. c4 Rfc8 23. Rc1 Bd4 24. a4 Rc5 25. Rb4 Re5 26. Re1 Bc3 27. Rbb1
Bxe1 28. Rxe1 Rc8 29. Kh2 Rxc4 30. Rd1 Rexe4 31. Rd8+ Kg7 32. Rd1 Rxa4 33. Rf1
b5 34. Rb1 Rab4 35. Ra1 Rb2 36. Rxa7 b4 37. Rb7 Ree2 38. Kg3 Rxg2+ 39. Kf3 Rgd2
40. Ke4 Rb3 41. Ke5 Re3+ 42. Kf4 Rxh3 43. Ke5 Rh4 44. Rd7 Rxd7 1/2-1/2

[Event "5.liga TT-HC-PN"]
[Site "TSK"]
[Date "2020.10.10"]
[Round "1.1"]
[White "Dzivak, Jan"]
[Black "Rachelova, Nikola"]
[Result "1-0"]
[WhiteElo "1407"]
[BlackElo "1000"]
[PlyCount "97"]
[EventDate "2020.10.10"]

1. c4 e5 2. Nc3 Nc6 3. Nf3 Nf6 4. b3 Be7 5. g3 b6 6. Bg2 Bb7 7. e3 O-O 8. O-O
Re8 9. Bb2 Bb4 10. Rc1 d6 11. Re1 Qd7 12. d4 exd4 13. Nxd4 Re7 14. Nxc6 Bxc6
15. Bxc6 Qxc6 16. a3 Bxc3 17. Bxc3 Rae8 18. Bxf6 gxf6 19. Qg4+ Kf8 20. Qh4 Qe4
21. Qxf6 Qg6 22. Qh8+ Qg8 23. Qxg8+ Kxg8 24. Kg2 f6 25. Rc3 Re4 26. f3 R4e6 27.
f4 f5 28. Kf3 Rh6 29. h4 Kg7 30. b4 c5 31. bxc5 dxc5 32. Rd1 a5 33. Rd5 Kf6 34.
Rb3 Kf7 35. Rxf5+ Ke6 36. Rxb6+ Kxf5 37. Rxh6 Re7 38. Rh5+ Kg6 39. Rxc5 Ra7 40.
f5+ Kf6 41. Kf4 h5 42. e4 Ra8 43. e5+ Ke7 44. f6+ Kf7 45. Kf5 Ra7 46. e6+ Ke8
47. f7+ Rxf7+ 48. exf7+ Kxf7 49. Rxa5 1-0

[Event "5.liga TT-HC-PN"]
[Site "TSK"]
[Date "2020.10.10"]
[Round "1.2"]
[White "Tupy, Bystrik"]
[Black "Merva, Frantisek"]
[Result "1-0"]
[WhiteElo "1696"]
[BlackElo "2041"]
[PlyCount "111"]
[EventDate "2020.10.10"]

1. e4 c5 2. Nf3 d6 3. Bb5+ Nd7 4. O-O a6 5. Bxd7+ Bxd7 6. d4 cxd4 7. Nxd4 Nf6
8. Nc3 g6 9. Bg5 Bg7 10. f3 Rc8 11. Kh1 Qa5 12. Qd2 h6 13. Be3 g5 14. Rfe1 Nh5
15. Rad1 O-O 16. a3 Rfe8 17. g4 Nf6 18. Kg2 Nh7 19. h4 h5 20. gxh5 gxh4 21. h6
Bf6 22. Kh1 Kh8 23. Nd5 Qxd2 24. Rxd2 Be6 25. Nxe6 fxe6 26. Nxf6 Nxf6 27. Bg5
Kh7 28. Rh2 Rc5 29. f4 Ng4 30. Rxh4 Nf2+ 31. Kg1 Rxc2 32. Rh2 Nd3 33. Rxc2 Nxe1
34. Rc3 d5 35. exd5 exd5 36. Kf2 d4 37. Rb3 Nc2 38. Rxb7 Ne3 39. Rxe7+ Rxe7 40.
Bxe7 Kxh6 41. Bc5 Nd1+ 42. Ke2 Nxb2 43. Bxd4 Nc4 44. Bc5 Kg6 45. Kd3 Nb2+ 46.
Kc3 Na4+ 47. Kb4 Nb2 48. Bd6 Kf5 49. Be5 Nd3+ 50. Ka5 Ke6 51. Kxa6 Kd7 52. a4
Kc8 53. a5 Nc5+ 54. Kb5 Ne6 55. a6 Nf8 56. Kc6 1-0

[Event "5.liga TT-HC-PN"]
[Site "TSK"]
[Date "2020.10.10"]
[Round "1.2"]
[White "Feher, Tibor"]
[Black "Tupy, Emil"]
[Result "1/2-1/2"]
[WhiteElo "1799"]
[BlackElo "1611"]
[PlyCount "79"]
[EventDate "2020.10.10"]

1. e4 g6 2. d4 Bg7 3. Nf3 d6 4. Be2 Nf6 5. Nc3 c6 6. O-O O-O 7. Re1 b5 8. e5
Ne8 9. exd6 Nxd6 10. Bf1 Nd7 11. Ne4 Nxe4 12. Rxe4 Nf6 13. Re1 Qc7 14. c3 Bf5
15. Bd3 Bxd3 16. Qxd3 Rad8 17. Qe2 Rfe8 18. Ne5 Nd5 19. Qf3 e6 20. Bf4 Nxf4 21.
Qxf4 Bxe5 22. Qxe5 Qxe5 23. Rxe5 Rd5 24. Re3 Rd7 25. Kf1 Kg7 26. Rae1 Red8 27.
Re5 Rd5 28. Rxd5 Rxd5 29. Re5 a5 30. f4 Kf6 31. Kf2 h5 32. Rxd5 cxd5 33. b3 Kf5
34. Kf3 a4 35. h3 a3 36. g4+ hxg4+ 37. hxg4+ Kf6 38. Ke3 g5 39. Kf3 Kg6 40. Kg3
1/2-1/2

[Event "5.liga TT-HC-PN"]
[Site "TSK"]
[Date "2020.10.10"]
[Round "1.2"]
[White "Bojnansky, Juraj"]
[Black "Pataj, Viktor"]
[Result "0-1"]
[WhiteElo "1612"]
[BlackElo "1664"]
[PlyCount "55"]
[EventDate "2020.10.10"]

1. d4 d5 2. c4 e6 3. Nc3 Nf6 4. Nf3 c5 5. e3 Nc6 6. Be2 dxc4 7. Bxc4 cxd4 8.
exd4 Bd6 9. h3 h6 10. Be3 a6 11. a4 O-O 12. Qc2 Qc7 13. b3 b6 14. g4 Bb7 15.
Ke2 Nb4 16. Qd2 Qc6 17. d5 exd5 18. Nd4 Qe8 19. Bd3 Bc5 20. Bf5 g6 21. Rag1 Rd8
22. Kd1 Ne4 23. Nxe4 dxe4 24. Ke2 Nc6 25. Bxh6 Nxd4+ 26. Kf1 Nxf5 27. Qxd8 Qxd8
28. gxf5 0-1

[Event "5.liga TT-HC-PN"]
[Site "TSK"]
[Date "2020.10.10"]
[Round "1.2"]
[White "Sebok, Kristian"]
[Black "Motycka, Juraj"]
[Result "1/2-1/2"]
[WhiteElo "1430"]
[BlackElo "1481"]
[PlyCount "32"]
[EventDate "2020.10.10"]

1. e4 c5 2. Nc3 e6 3. Nf3 Nc6 4. d3 d6 5. Be3 a6 6. Be2 Be7 7. O-O Nf6 8. d4
cxd4 9. Nxd4 Nxd4 10. Bxd4 Bd7 11. e5 dxe5 12. Bxe5 O-O 13. Bf3 Qc8 14. Ne4
Nxe4 15. Bxe4 Bc6 16. Qg4 g6 1/2-1/2

[Event "5.liga TT-HC-PN"]
[Site "TSK"]
[Date "2020.10.10"]
[Round "1.2"]
[White "Motyckova, Monika"]
[Black "Orban, Ferenc"]
[Result "0-1"]
[WhiteElo "1162"]
[BlackElo "1445"]
[PlyCount "142"]
[EventDate "2020.10.10"]

1. e4 e5 2. Nf3 d6 3. h3 Be6 4. Nc3 Nf6 5. d4 exd4 6. Nxd4 Qd7 7. Bd3 Be7 8.
Bf4 Nc6 9. Nxc6 bxc6 10. e5 dxe5 11. Bxe5 Rd8 12. Qf3 O-O 13. O-O Ne8 14. Rad1
Qc8 15. Qh5 g6 16. Qh6 Bf6 17. Bxf6 Nxf6 18. Rfe1 Nd5 19. Ne4 f6 20. c4 Nb4 21.
Nc5 Rfe8 22. Qf4 Nxd3 23. Nxd3 Bf5 24. Nc5 Rxd1 25. Rxd1 Re2 26. Qd4 Kg7 27. g4
Be6 28. Ne4 Qf8 29. Qxa7 Rxe4 30. Qxc7+ Qf7 31. Qxc6 Rxc4 32. Qd6 Rc2 33. b4
Rxa2 34. Rc1 Ra7 35. b5 Qd7 36. Qc5 Rb7 37. b6 Kh6 38. Qe3+ Kg7 39. Qc5 Qd5 40.
Qe3 Qb3 41. Qe4 Qxb6 42. Re1 Re7 43. Qd3 Rd7 44. Qc3 Bd5 45. g5 Qc6 46. Qg3 f5
47. Qe5+ Kf7 48. Qe8+ Kg7 49. Re7+ Rxe7 50. Qxe7+ Kg8 51. Qd8+ Kf7 52. Kh2 Qe6
53. Qc7+ Qe7 54. Qf4 Qe4 55. Qc7+ Ke6 56. Qc8+ Ke5 57. Qc7+ Kd4 58. Qb6+ Kd3
59. Qb5+ Kd2 60. Qb2+ Ke1 61. Qc3+ Kxf2 62. Qd2+ Kf3 63. Qg2+ Ke3 64. Qg1+ Kd2
65. Qf2+ Qe2 66. Kg3 Qxf2+ 67. Kxf2 f4 68. h4 f3 69. Kf1 Ke3 70. Ke1 f2+ 71.
Kf1 Bc4+ 0-1

[Event "5.liga TT-HC-PN"]
[Site "TSK"]
[Date "2020.10.10"]
[Round "1.3"]
[White "Jancovicova, Petra"]
[Black "Klimes, Milan"]
[Result "1/2-1/2"]
[WhiteElo "1663"]
[BlackElo "1841"]
[PlyCount "148"]
[EventDate "2020.10.10"]

1. e4 d5 2. exd5 Qxd5 3. Nc3 Qa5 4. d4 Nf6 5. Bc4 Bg4 6. Nge2 Nbd7 7. O-O e6 8.
f3 Bf5 9. Ng3 Bg6 10. Bd2 Qb6 11. Be3 O-O-O 12. Qc1 Qb4 13. Bb3 Nb6 14. a4 Nbd5
15. Nxd5 Nxd5 16. Bf2 Bd6 17. Bxd5 exd5 18. c3 Qc4 19. b4 h5 20. Qb2 h4 21. Ne2
Bd3 22. Rfe1 Rde8 23. Nc1 Rxe1+ 24. Bxe1 Bg6 25. b5 h3 26. Qe2 Qxe2 27. Nxe2
hxg2 28. Ng3 f5 29. Kxg2 Re8 30. Kf2 f4 31. Ne2 Bd3 32. Ng1 Bf5 33. Bd2 g5 34.
Re1 Rxe1 35. Bxe1 Bc2 36. a5 Bd3 37. b6 axb6 38. axb6 cxb6 39. Bd2 Kd7 40. h4
Be7 41. hxg5 Bxg5 42. Nh3 Bh4+ 43. Kg2 Bf5 44. Nxf4 Kc6 45. Nh3 Kb5 46. Nf2 Kc4
47. Nd1 Kd3 48. Ne3 Be6 49. Nf1 b5 50. f4 b4 51. cxb4 Kxd4 52. Ne3 Ke4 53. f5
Bxf5 54. Nxf5 Kxf5 55. Kf3 d4 56. Bc1 Be1 57. b5 Ke5 58. Ke2 Bc3 59. Kd3 Kd5
60. Ba3 Ba5 61. Bb2 Bb6 62. Ba3 Bd8 63. Bb2 Bf6 64. Ba3 Be5 65. Bb4 Bg3 66. Ba3
Be1 67. Bf8 Bc3 68. Ba3 Ba5 69. Bf8 Bb6 70. Ba3 Bc5 71. Bb2 Bb6 72. Ba3 Bc7 73.
Bb4 Bb6 74. Ba3 Bc5 1/2-1/2

[Event "5.liga TT-HC-PN"]
[Site "TSK"]
[Date "2020.10.10"]
[Round "1.3"]
[White "Kolarovic, Michal"]
[Black "Bjel, Lubos"]
[Result "0-1"]
[WhiteElo "1396"]
[BlackElo "1764"]
[PlyCount "86"]
[EventDate "2020.10.10"]

1. d4 e6 2. c4 d5 3. e3 c5 4. b3 Nf6 5. Nf3 Nc6 6. Nbd2 cxd4 7. exd4 dxc4 8.
Nxc4 Bb4+ 9. Bd2 O-O 10. Be2 a5 11. Bxb4 Nxb4 12. O-O Nbd5 13. Qc2 Bd7 14. Rfe1
Rc8 15. Qb2 Bb5 16. Rac1 Nf4 17. h3 Bxc4 18. Bxc4 Qb6 19. Qd2 N4d5 20. Ne5 Rfd8
21. Nf3 Nb4 22. Qe2 Nc6 23. Red1 Nxd4 24. Nxd4 Rxd4 25. Rxd4 Qxd4 26. Rd1 Qc5
27. Qd3 h6 28. Qe2 Nd5 29. Qd2 Rd8 30. Bxd5 Qxd5 31. Qxd5 Rxd5 32. Rxd5 exd5
33. Kf1 Kf8 34. Ke2 Ke7 35. Kd3 Kd6 36. Kd4 g5 37. f3 h5 38. g3 f6 39. g4 h4
40. a3 b6 41. b4 axb4 42. axb4 b5 43. Ke3 Ke5 0-1

[Event "5.liga TT-HC-PN"]
[Site "TSK"]
[Date "2020.10.10"]
[Round "1.3"]
[White "Krchnak, Rudolf"]
[Black "Daniska, Jozef"]
[Result "1-0"]
[WhiteElo "1651"]
[BlackElo "1215"]
[PlyCount "69"]
[EventDate "2020.10.10"]

1. d4 Nf6 2. Nc3 d5 3. Bg5 e6 4. e4 Be7 5. e5 Ne4 6. Bxe7 Qxe7 7. Nxe4 dxe4 8.
c3 O-O 9. Qg4 c6 10. Qxe4 Nd7 11. Bd3 g6 12. Nf3 a6 13. h4 f6 14. h5 f5 15. Qh4
Qxh4 16. Rxh4 Rf7 17. hxg6 hxg6 18. Ng5 Rg7 19. O-O-O Nf8 20. Rdh1 Nh7 21. Nxh7
g5 22. Nf6+ Kf7 23. Rh8 b5 24. Be2 g4 25. f3 Bb7 26. Rxa8 Bxa8 27. Rh8 Bb7 28.
fxg4 fxg4 29. Bxg4 Kg6 30. Rg8 Rxg8 31. Nxg8 Kf7 32. Nf6 a5 33. Bf3 Kg6 34. Ne8
Kf5 35. Nd6+ 1-0

[Event "5.liga TT-HC-PN"]
[Site "TSK"]
[Date "2020.10.10"]
[Round "1.3"]
[White "Calon, Jozef"]
[Black "Oruzinsky, Juraj"]
[Result "0-1"]
[WhiteElo "1266"]
[BlackElo "1447"]
[PlyCount "78"]
[EventDate "2020.10.10"]

1. d4 d5 2. e3 Nf6 3. c4 e6 4. c5 Nc6 5. a3 a5 6. Nf3 Be7 7. Bb5 O-O 8. Bxc6
bxc6 9. O-O Ba6 10. Re1 Nd7 11. Bd2 e5 12. dxe5 Nxc5 13. Qc2 Bc4 14. Nc3 Rb8
15. Nd4 Qd7 16. Nf3 Bd3 17. Qd1 Rxb2 18. Bc1 Rb7 19. Na4 Be4 20. Nd4 f6 21.
exf6 Bxf6 22. Nxc5 Qf7 23. Nxb7 Bxd4 24. Ra2 Bc3 25. Rf1 d4 26. Re2 d3 27. Rd2
Bxd2 28. Bxd2 c5 29. Nxc5 Bxg2 30. Kxg2 Qd5+ 31. Kg1 Rf6 32. f3 Qxc5 33. Qb3+
Kf8 34. Qb8+ Kf7 35. Qb3+ Kf8 36. Qxd3 Qg5+ 37. Kh1 Rg6 38. Qe2 h5 39. Rg1
Qxg1# 0-1

[Event "5.liga TT-HC-PN"]
[Site "TSK"]
[Date "2020.10.10"]
[Round "1.3"]
[White "Jancovicova, Tamara"]
[Black "Karaba, Vladimir"]
[Result "1-0"]
[WhiteElo "1185"]
[BlackElo "1115"]
[PlyCount "67"]
[EventDate "2020.10.10"]

1. e4 e5 2. Nf3 Nc6 3. Bb5 Nge7 4. c3 a6 5. Bxc6 Nxc6 6. d4 exd4 7. cxd4 Bb4+
8. Bd2 Bxd2+ 9. Nbxd2 O-O 10. O-O d6 11. Qb3 b5 12. Qd5 Qe8 13. Rac1 Bd7 14.
Rfe1 Rc8 15. Ng5 Ne7 16. Qb3 c6 17. Re3 h6 18. Nh3 a5 19. Nf4 Kh7 20. Rg3 d5
21. Nh5 Rg8 22. Rxg7+ Kh8 23. Nf6 Rxg7 24. Nxe8 Rxe8 25. e5 Ng6 26. Qe3 Ne7 27.
Qxh6+ Kg8 28. Rc3 Nf5 29. Qf4 Re6 30. Qxf5 Re7 31. Qh5 f6 32. exf6 Re1+ 33. Nf1
Rxg2+ 34. Kxg2 1-0

[Event "5.liga TT-HC-PN"]
[Site "TSK"]
[Date "2020.10.10"]
[Round "1.4"]
[White "Stolar, Michal"]
[Black "Karel, Branislav"]
[Result "1/2-1/2"]
[WhiteElo "1489"]
[BlackElo "1433"]
[PlyCount "56"]
[EventDate "2020.10.10"]

1. Nf3 c6 2. d4 d5 3. e3 Nf6 4. Nbd2 Nbd7 5. h3 e6 6. Bd3 a6 7. c3 b5 8. a3 Bb7
9. O-O c5 10. Re1 Be7 11. e4 dxe4 12. Nxe4 O-O 13. Nxf6+ Nxf6 14. Bg5 h6 15.
Bxf6 Bxf6 16. dxc5 Qc7 17. Be4 Bxe4 18. Rxe4 Rfd8 19. Qc2 Qxc5 20. Rae1 Rd5 21.
h4 Rad8 22. g3 Qd6 23. Kg2 Rc8 24. Qe2 Rcc5 25. Rc1 Qc6 26. Rc2 a5 27. Kh2 Qd7
28. Rc1 Qc7 1/2-1/2

[Event "5.liga TT-HC-PN"]
[Site "TSK"]
[Date "2020.10.10"]
[Round "1.4"]
[White "Mitas, Daniel"]
[Black "Veres, Marcel"]
[Result "0-1"]
[WhiteElo "1420"]
[BlackElo "1461"]
[PlyCount "66"]
[EventDate "2020.10.10"]

1. d4 d5 2. c4 e6 3. cxd5 exd5 4. Nc3 Bf5 5. Nf3 Bb4 6. a3 Ba5 7. e3 a6 8. Bd3
Bg4 9. Qb3 Bxc3+ 10. bxc3 b6 11. e4 Bxf3 12. gxf3 Ne7 13. Bf4 Ng6 14. Bg3 O-O
15. O-O Ne7 16. exd5 Nxd5 17. Be4 c6 18. Rfe1 f5 19. Bxd5+ cxd5 20. Re5 Kh8 21.
Rxd5 Qf6 22. Re1 f4 23. Rde5 fxg3 24. Re6 gxf2+ 25. Kxf2 Qxf3+ 26. Kg1 Nd7 27.
Re7 Rac8 28. Rxd7 Qf2+ 29. Kh1 Qxe1+ 30. Kg2 Qf2+ 31. Kh3 Rf3+ 32. Kg4 Qg2+ 33.
Kh4 Rh3# 0-1

[Event "5.liga TT-HC-PN"]
[Site "TSK"]
[Date "2020.10.10"]
[Round "1.4"]
[White "Skodacek, Peter"]
[Black "Richnak, Michal"]
[Result "1-0"]
[WhiteElo "1439"]
[BlackElo "1405"]
[PlyCount "45"]
[EventDate "2020.10.10"]

1. d4 d5 2. c4 Nf6 3. cxd5 Nxd5 4. e4 Nf6 5. Nc3 Nc6 6. Nf3 e6 7. Bd3 Bb4 8.
Be3 O-O 9. e5 Ne8 10. Bxh7+ Kh8 11. Ng5 g6 12. Nxf7+ Rxf7 13. Bxg6 Rg7 14. Qh5+
Kg8 15. Bxe8 Nxd4 16. O-O-O c5 17. Bh6 Re7 18. Qg6+ Kh8 19. Qf6+ Kg8 20. Qf8+
Kh7 21. Bg6+ Kxg6 22. Qxd8 Rh7 23. Qf6+ 1-0

[Event "5.liga TT-HC-PN"]
[Site "TSK"]
[Date "2020.10.10"]
[Round "1.4"]
[White "Richnak, Marek"]
[Black "Chrvala, Simon"]
[Result "0-1"]
[WhiteElo "1000"]
[BlackElo "1368"]
[PlyCount "54"]
[EventDate "2020.10.10"]

1. e4 e5 2. Nf3 Nc6 3. Bc4 Nf6 4. Nc3 Bc5 5. O-O a6 6. d3 b5 7. Bd5 Nxd5 8.
exd5 Nd4 9. Nxe5 d6 10. Nc6 Nxc6 11. dxc6 Qf6 12. Ne4 Qg6 13. h3 Bxh3 14. Qf3
Bg4 15. Qg3 h5 16. Nxc5 dxc5 17. f3 Be6 18. Re1 Qxg3 19. Be3 Qxe1+ 20. Rxe1
O-O-O 21. Bxc5 h4 22. Be7 Rde8 23. Bg5 h3 24. Bf4 hxg2 25. Kxg2 Bh3+ 26. Kf2
Rxe1 27. Kxe1 Re8+ 0-1

[Event "5.liga TT-HC-PN"]
[Site "TSK"]
[Date "2020.10.10"]
[Round "1.4"]
[White "Zemanek, Peter"]
[Black "Benedik, Adam"]
[Result "1/2-1/2"]
[WhiteElo "1000"]
[BlackElo "1000"]
[PlyCount "105"]
[EventDate "2020.10.10"]

1. e4 e5 2. Nf3 Nc6 3. Bb5 Nf6 4. d3 Bc5 5. Nc3 O-O 6. O-O d5 7. Bxc6 bxc6 8.
Nxe5 Qe8 9. Nf3 dxe4 10. Re1 Bf5 11. dxe4 Nxe4 12. Nxe4 Bxe4 13. Qe2 Bxf3 14.
Qxe8 Raxe8 15. Rxe8 Rxe8 16. gxf3 Bd6 17. Be3 a6 18. Re1 h6 19. h3 Be5 20. b3
Re6 21. f4 Bxf4 22. Rd1 Bxe3 23. fxe3 Rxe3 24. Rd8+ Kh7 25. Ra8 Rxh3 26. Rxa6
Rc3 27. a4 Rxc2 28. Ra7 Rb2 29. Rxc7 Rxb3 30. Rxc6 Ra3 31. Ra6 f6 32. Ra8 Kg6
33. a5 Kg5 34. Kf2 Kf4 35. Ke2 Ke4 36. Kd2 Kd4 37. Kc2 Kc4 38. Kb2 Rh3 39. Rb8
f5 40. a6 f4 41. a7 f3 42. a8=Q f2 43. Qg2 Rh2 44. Qf1+ Kd4 45. Rb3 g5 46. Rg3
Ke4 47. Rg2 Rxg2 48. Qxg2+ Ke3 49. Kc2 Ke2 50. Qe4+ Kf1 51. Kd2 Kg1 52. Ke3
f1=Q 53. Qg4+ 1/2-1/2

[Event "5.liga TT-HC-PN"]
[Site "TSK"]
[Date "2020.10.10"]
[Round "1.5"]
[White "Zarecky, Eduard"]
[Black "Libich, Simon"]
[Result "1-0"]
[WhiteElo "1778"]
[BlackElo "1207"]
[PlyCount "53"]
[EventDate "2020.10.10"]

1. d4 Nf6 2. c4 e6 3. Nc3 d5 4. cxd5 exd5 5. g3 c6 6. Bg2 Be7 7. Nf3 O-O 8. O-O
Bf5 9. Nh4 Be6 10. Qb3 Qd7 11. Bg5 c5 12. dxc5 Na6 13. Bxf6 Bxf6 14. Nxd5 Bxh4
15. gxh4 Nxc5 16. Qc4 Rac8 17. Rfd1 Rc6 18. Qf4 Rd6 19. Nf6+ gxf6 20. Rxd6 Qe7
21. Rad1 Kh8 22. Qd4 Nd7 23. Rxd7 Bxd7 24. Qxd7 Qe5 25. Qd4 Qe6 26. Rd3 Rg8 27.
Rg3 1-0

[Event "5.liga TT-HC-PN"]
[Site "TSK"]
[Date "2020.10.10"]
[Round "1.5"]
[White "Lopasovsky, Artur"]
[Black "Rusnacik, Milan"]
[Result "1-0"]
[WhiteElo "1137"]
[BlackElo "1361"]
[PlyCount "55"]
[EventDate "2020.10.10"]

1. e4 e5 2. Nf3 Nc6 3. Bb5 a6 4. Ba4 Nf6 5. Nc3 Be7 6. d3 b5 7. Bb3 O-O 8. O-O
d6 9. h3 Na5 10. Re1 Nxb3 11. axb3 c5 12. Bg5 Bb7 13. Qd2 Re8 14. Ne2 Qc7 15.
Ng3 Bc8 16. c3 g6 17. d4 cxd4 18. cxd4 Rd8 19. d5 Bb7 20. Rec1 Qb6 21. Be3 Qxe3
22. Qxe3 Kg7 23. Rc7 Rd7 24. Rxd7 Nxd7 25. Rc1 Rc8 26. Rxc8 Bxc8 27. Qc3 Nb6
28. Qc7 1-0

[Event "5.liga TT-HC-PN"]
[Site "TSK"]
[Date "2020.10.10"]
[Round "1.5"]
[White "Prochazka, Viliam"]
[Black "Vojtko, Patrik Jan"]
[Result "1/2-1/2"]
[WhiteElo "1391"]
[BlackElo "1148"]
[PlyCount "32"]
[EventDate "2020.10.10"]

1. d4 d5 2. Nf3 Nc6 3. c3 Nf6 4. e3 Bg4 5. h3 Bxf3 6. Qxf3 e6 7. Bd3 g6 8. Nd2
Bg7 9. e4 dxe4 10. Nxe4 O-O 11. Bg5 Re8 12. Bxf6 Qd5 13. O-O e5 14. Bxg7 Kxg7
15. Nf6 Qxf3 16. gxf3 Kxf6 1/2-1/2

[Event "5.liga TT-HC-PN"]
[Site "TSK"]
[Date "2020.10.10"]
[Round "1.5"]
[White "Biskupic, Adam"]
[Black "Segeda, Milos"]
[Result "1-0"]
[WhiteElo "1070"]
[BlackElo "1331"]
[PlyCount "79"]
[EventDate "2020.10.10"]

1. d4 d5 2. Bf4 Nf6 3. e3 e6 4. Nf3 h6 5. c3 Bd6 6. Qa4+ c6 7. Bxd6 Qxd6 8. Qb3
O-O 9. Bd3 Re8 10. O-O Ne4 11. Rd1 c5 12. Qb5 Bd7 13. Qxb7 Bc6 14. Qb3 c4 15.
Bxc4 Nd7 16. Bd3 Rab8 17. Qc2 Ndf6 18. Nbd2 Nxf2 19. Kxf2 Ng4+ 20. Ke2 Nxh2 21.
Rh1 Qg3 22. Rxh2 f5 23. Nf1 Qg4 24. g3 e5 25. Bxf5 Qxf5 26. Qxf5 Rf8 27. Qe6+
Rf7 28. Qxc6 Rxb2+ 29. Kd1 Rxf3 30. Qxd5+ Rf7 31. Rxb2 g5 32. Qxe5 Kh7 33. Rb8
Kg6 34. g4 h5 35. Qe6+ Kg7 36. Rc8 hxg4 37. Rc6 Rf6 38. Qxf6+ Kg8 39. Qe7 g3
40. Rc8# 1-0

[Event "5.liga TT-HC-PN"]
[Site "TSK"]
[Date "2020.10.10"]
[Round "1.5"]
[White "Opalkova, Zuzana"]
[Black "Machovic, Maxim"]
[Result "1-0"]
[WhiteElo "1378"]
[BlackElo "1057"]
[PlyCount "124"]
[EventDate "2020.10.10"]

1. e4 e5 2. Qh5 d6 3. Bc4 Qe7 4. d3 Nf6 5. Qf3 Be6 6. Bg5 Nbd7 7. Nc3 h6 8. Nb5
Qd8 9. Bxf6 gxf6 10. Qh5 Bxc4 11. dxc4 a6 12. Nc3 Nb6 13. b3 c6 14. Rd1 Qe7 15.
a4 a5 16. Nh3 Rd8 17. O-O Rg8 18. f4 Qe6 19. fxe5 fxe5 20. Rd2 d5 21. exd5 cxd5
22. Re2 Bc5+ 23. Kh1 Bd4 24. Nb5 Bb2 25. c3 Nd7 26. Nf4 Qe7 27. Nxd5 Qg5 28.
Qxg5 Rxg5 29. Rxb2 Nb6 30. Nxb6 e4 31. Re2 Re5 32. Rf4 e3 33. Re1 e2 34. Nd4
Kf8 35. Nxe2 Rxe2 36. Ref1 Rde8 37. Rxf7+ Kg8 38. Nd7 Re1 39. Kg1 Rxf1+ 40.
Rxf1 Re7 41. Nf6+ Kg7 42. Nd5 Re5 43. b4 axb4 44. cxb4 Re4 45. c5 Rd4 46. Rf5
Kg6 47. Rf6+ Kg5 48. Rd6 Kf5 49. Ne3+ Ke4 50. Rxd4+ Kxd4 51. Nf5+ Kc4 52. Ne7
Kxb4 53. c6 bxc6 54. Nxc6+ Kxa4 55. Ne5 Kb5 56. Ng4 h5 57. Nf6 h4 58. g3 hxg3
59. hxg3 Kc5 60. Kf2 Kd6 61. Kf3 Ke6 62. Nh5 Kf7 1-0